Instituciones y gobernabilidad en el Ecuador: a un cuarto de siglo de democracias /

Desde la reinstauración democrática de 1978, la política ecuatoriana ha estado cruzada por la inestabilidad y el conflicto; por el constante cambio en las reglas del régimen político y el sistema electoral; por la falta de acuerdos a largo plazo entre los actores sociopolíticos; por la exclusión soc...

Popoln opis

Bibliografske podrobnosti
Glavni avtor: Verdesoto Custode, Luis (autor)
Format: Knjiga
Jezik:Spanish
Izdano: Quito: Ediciones Abya-Yala, 2005.
Izdaja:Primera edición.
Teme:

MARC

LEADER 00000nam a2200000 i 4500
003 Ucuenca
005 20230308231711.0
006 a||||gr|||| 001 0
007 ta
008 221202b2005 ec ||||g |||| 001 0 spa a
020 |a 9978-22-499-8 
040 |a UCuenca-cdrjbv  |b spa  |c Ucuenca  |e rda 
041 |a spa 
082 0 |2 22  |a 320.86  |c 27891293 
100 1 |a Verdesoto Custode, Luis.  |9 387  |e autor 
245 |a Instituciones y gobernabilidad en el Ecuador:   |b a un cuarto de siglo de democracias /   |c Luis Verdesoto Custode 
250 |a Primera edición. 
264 1 |a Quito:   |b Ediciones Abya-Yala,   |c 2005. 
300 |a 180 páginas:   |c 21 cm 
336 |2 rdacontent  |a texto  |b txt 
337 |2 rdamedia  |a no mediado  |b n 
338 |2 rdacarrier  |a volumen  |b nc 
505 1 |a Temas de la gobernabilidad en los países andinos -- Treinta y cinco años de historia: líneas de interpretación -- El escenario electoral -- Relaciones ejecutivo-legislativo -- Descentralización. 
520 3 |a Desde la reinstauración democrática de 1978, la política ecuatoriana ha estado cruzada por la inestabilidad y el conflicto; por el constante cambio en las reglas del régimen político y el sistema electoral; por la falta de acuerdos a largo plazo entre los actores sociopolíticos; por la exclusión social y económica y por la incapacidad de algunos sectores para respetar los arreglos institucionales que obligan en un Estado de Derecho. Precisamente, uno de los problemas que ha enfrentado el sistema político ecuatoriano ha sido la incapacidad de las élites para gobernarlo, conseguir cierta estabilidad política y promover una mayor institucionalización democrática. 
650 1 7 |2 UCuenca-cdrjbv  |9 8811  |a Ciencia política 
650 1 7 |2 UCuenca-cdrjbv  |9 39923  |a Gobierno local 
651 |2 UCuenca-cdrjbv 
942 |2 ddc  |c BK  |z jenny.perez@ucuenca.edu.ec 
999 |c 160906  |d 160906